000 00436nam a2200181Ia 4500
003 GCL
008 140319s9999 xx 000 0 eng d
040 _aGCL /
_cGCL
082 0 4 _a821
_bJ A
100 1 _aJONSON, BEN
245 1 0 _aTHE ALCHEMIST /
_cJONSON, BEN
260 _a[S.N] :
_bERNEST BENN LIMITED ،
_c1968
300 _a150p
650 0 4 _aENGLISH LITERATURE
650 0 4 _aLITERATURE
650 0 4 _aPOEMS
942 _2ddc
_cBK
999 _c11712
_d11712